Southville International School and Colleges
Your cart is empty.
  • Cart
  • Lists
    Public lists Eva Luna New books Lux_list list_1
    Your lists Log in to create your own lists
  • Log in to your account
  • Your cookies
  • Search history
Southville International School and Colleges
  • Advanced search
  • Recent comments
  • Most popular
  • Libraries

Log in to your account

Log in with GOOGLE


If you do not have an external account, but do have a local account, you can still log in:

  1. Home
  2. MARC view: System and web development :
Normal view MARC view ISBD view

System and web development : (Record no. 296064)

[ view plain ]
MARC details
000 -LEADER
fixed length control field 00700nam a2200253Ia 4500
008 - FIXED-LENGTH DATA ELEMENTS--GENERAL INFORMATION
fixed length control field 160621s9999 xx 000 0 und d
020 ## - INTERNATIONAL STANDARD BOOK NUMBER
International Standard Book Number 978-971-27-2187-8
050 ## - LIBRARY OF CONGRESS CALL NUMBER
Classification number FIL TK 5105.8885
050 ## - LIBRARY OF CONGRESS CALL NUMBER
Item number .D74A23 2009
100 ## - MAIN ENTRY--PERSONAL NAME
Personal name Abante, Marmelo V.
245 ## - TITLE STATEMENT
Title System and web development :
245 ## - TITLE STATEMENT
Remainder of title Dreamweaver 8 /
245 ## - TITLE STATEMENT
Statement of responsibility, etc Marmelo V. Abante.
260 ## - PUBLICATION, DISTRIBUTION, ETC. (IMPRINT)
Place of publication, distribution, etc Pasig City :
260 ## - PUBLICATION, DISTRIBUTION, ETC. (IMPRINT)
Name of publisher, distributor, etc Anvil Pub, Inc.,
260 ## - PUBLICATION, DISTRIBUTION, ETC. (IMPRINT)
Date of publication, distribution, etc 2009
300 ## - PHYSICAL DESCRIPTION
Extent 126 pages :
300 ## - PHYSICAL DESCRIPTION
Other physical details ill. ;
300 ## - PHYSICAL DESCRIPTION
Dimensions 22 cm.
650 ## - SUBJECT ADDED ENTRY--TOPICAL TERM
Topical term or geographic name as entry element Dreamweaver (Computer file).
650 ## - SUBJECT ADDED ENTRY--TOPICAL TERM
Topical term or geographic name as entry element Web sites -- Design.
650 ## - SUBJECT ADDED ENTRY--TOPICAL TERM
General subdivision Web site development -- Computer programs.
650 ## - SUBJECT ADDED ENTRY--TOPICAL TERM
General subdivision Web sites -- Authoring programs.
Holdings
Withdrawn status Lost status Damaged status Home library Current library Shelving location Date acquired Cost, normal purchase price Total Checkouts Full call number Barcode Date last seen Price effective from Koha item type
      South Mansfield College South Mansfield College   02/20/2013 195.00   FIL TK 5105.8885 .D74A23 2009 SMC05858 06/21/2016 06/21/2016  

System and web development :

APA

Abante M. V., .System and web development. Pasig City: .

Chicago

Abante Marmelo V, .System and web development. Pasig City: .

Harvard

Abante M. V., .System and web development. Pasig City: .

MLA

Abante Marmelo V, .Pasig City: . .

  • Place hold
  • Print
  • Cite
  • Add to your cart (remove)
  • Save record
    BIBTEX Dublin Core MARCXML MARC (non-Unicode/MARC-8) MARC (Unicode/UTF-8) MARC (Unicode/UTF-8, Standard) MODS (XML) RIS
  • More searches
    Search for this title in:
    Other Libraries (WorldCat) Other Databases (Google Scholar) Online Stores (Bookfinder.com) Open Library (openlibrary.org)

Exporting to Dublin Core...

SOUTHVILLE LIBRARY

Southville International School and Colleges Library

1281 Tropical Ave. Cor. Luxembourg St., BF Homes International, Las Pinas City

Tel. No. 8256374 / 252358 Loc. 117/146

Powered by Koha